000
00289nam a22001217a 4500
999
_c
6039
_d
6039
245
_a
Customs Act, 2015
_b
(ACT 891)
_c
by Republic of Ghana
246
_a
ACT 891
260
_a
Accra
_b
Assembly Press
_c
2015
300
_a
109p.
440
_a
Acts of Parliament.
650
_a
ACT891
942
_c
REF